Álbum de Bad Bunny en imágenes - Estadísticas

Estadísticas generales
  • Esta prueba ha sido intentada 155 veces
  • La puntuación promedio es 6 de 8
Estadísticas de respuestas
Hint Respuesta % Correcto
Un Verano Sin TI
90%
DeBÍ TiRAR MáS FOToS
90%
YHLQMDLG
82%
OASIS
79%
El Último Tour Del Mundo
77%
LAS QUE NO IBAN A SALIR
76%
nadie sabe lo que va a pasar mañana
75%
X100PRE
68%
No se encontraron pruebas coincidentes
Distribución de puntuación
Porcentaje de gente con cada puntuación
Porcentaje por número respondido
Historial de tus puntuaciones
No has intentado esta prueba.